Asombrosos animales miméticos / (Registro nro. 12013)

Detalles MARC
000 -LIDER
fixed length control field 00690nam a22002417a 4500
001 - NÚMERO DE CONTROL
Identificador de número de control 0011796
003 - IDENTIFICACDOR DE NÚMERO DE CONTROL
control field DO-SdBNP
005 - DATE AND TIME OF LATEST TRANSACTION
control field 20180212130502.0
007 - CAMPOS FIJOS DE DESCRIPCIÓN FÍSICA
fixed length control field 0011796
008 - ELEMENTOS DE LONGITUD FIJA
fixed length control field 161121b 1996 sp||||| |||| 00| 0 spa d
020 ## - ISBN
International Standard Book Number 9788421622698
040 ## - FUENTE DE CATALOGACIÓN
Agencia que crea de manera original el registro BPMSU
Idioma de catalogación spa
Agencia que realiza la transcripción BPMSU
082 ## - NÚMERO DE CLASIFICACIÓN DECIMAL DE DEWEY
Classification number xxxxxxxxxx
Item number xxxxxxxxxx
100 1# - ASIENTO PRINCIPAL -- NOMBRE PERSONAL
Nombre personal Sowler, Sande
245 10 - MENCIÓN DE TITULO
Título Asombrosos animales miméticos /
Subtítulo Sandie Sowler ; fotografías Jerry Young
300 ## - DESCRIPCIÓN FÍSICA
Extensión 30 p. :
Otros detalles físicos il.,
Dimensiones 25 cm.
490 1# - MENCIÓN DE SERIES
Mención de serie Mundos asombrosos
Volume/sequential designation 16
700 ## - ASIENTO SECUNDARIO -- NOMBRE PERSONAL
Nombre personal Young, Jerry
Mención de responsabilidad fotografías
830 #0 - ASIENTO SECUNDARIO DE SERIE--TÍTULO UNIFORME
Título uniforme Mundos asombrosos
Volume number/sequential designation 16
942 ## - ADDED ENTRY ELEMENTS (KOHA)
Source of classification or shelving scheme Dewey Decimal Classification
Koha item type Libros
945 ## - INFORMACIÓN DE PROCESAMIENTO LOCAL
Información de procesamiento local inventariado, 2018 / dg
956 ## - LOCAL ELECTRONIC LOCATION AND ACCESS (OCLC)
Nombre de host BTAVÁREZ
Número de acceso 10
Información de compresión 20161121
Trayectoria 0011796
Existencias
Withdrawn status Lost status Source of classification or shelving scheme Damaged status Not for loan Collection code Home library Current library Date acquired Source of acquisition Total Checkouts Full call number Barcode Date last seen Price effective from Koha item type
    Dewey Decimal Classification     Colección Infantil General Biblioteca Pública Metropolitana Salomé Ureña Biblioteca Pública Metropolitana Salomé Ureña 11/21/2016 Fundi   xxxxxxxxxx xxxxxxxxxx BPMSU16111444 11/21/2016 11/21/2016 Libros